|
|
|
|
| LEADER |
00000cam a2200000 7i4500 |
| 001 |
0000009717 |
| 002 |
000010582 |
| 005 |
20000330.0 |
| 020 |
|
|
|a 9836244727
|
| 090 |
0 |
0 |
|a 364.1232
|b ALA
|
| 100 |
0 |
|
|a Syed Hussein Alatas
|
| 245 |
1 |
0 |
|a Rasuah sifat sebab dan fungsi
|c Syed Hussen Alatas
|
| 260 |
|
|
|a Kuala Lumpur :
|b Dewan Bahasa Dan Pustaka ,
|c 1995
|
| 300 |
|
|
|a 329p. ;
|c 22cm.
|
| 650 |
0 |
0 |
|a Bribery
|
| 650 |
0 |
0 |
|a Political corruption
|
| 999 |
|
|
|a 051258
|b BUKU
|c PINJAMAN
|e PERPUSTAKAAN KOMUNITI PETALING JAYA
|
| 999 |
|
|
|a 051259
|b BUKU
|c PINJAMAN
|e PERPUSTAKAAN KOMUNITI PETALING JAYA
|
| 999 |
|
|
|a 054340
|b BUKU
|c PINJAMAN
|e PERPUSTAKAAN KOMUNITI PETALING JAYA
|